Information technology : An introduction / (Record no. 182630)
[ view plain ]
| 000 -LEADER | |
|---|---|
| fixed length control field | 01299 a2200253 4500 |
| 003 - CONTROL NUMBER IDENTIFIER | |
| control field | Nust |
| 005 - DATE AND TIME OF LATEST TRANSACTION | |
| control field | 20230726143239.0 |
| 010 ## - LIBRARY OF CONGRESS CONTROL NUMBER | |
| LC control number | 82023879 |
| 020 ## - INTERNATIONAL STANDARD BOOK NUMBER | |
| International Standard Book Number | 0442293917 (pbk.) : |
| 040 ## - CATALOGING SOURCE | |
| Transcribing agency | Nust |
| 082 00 - DEWEY DECIMAL CLASSIFICATION NUMBER | |
| Classification number | 621.382,ZOR |
| 100 1# - MAIN ENTRY--PERSONAL NAME | |
| Personal name | Zorkoczy, Peter. |
| 9 (RLIN) | 104679 |
| 245 10 - TITLE STATEMENT | |
| Title | Information technology : An introduction / |
| Statement of responsibility, etc. | Peter Zorkoczy. |
| 260 ## - PUBLICATION, DISTRIBUTION, ETC. | |
| Place of publication, distribution, etc. | New York : |
| Name of publisher, distributor, etc. | Van Nostrand Reinhold Co., |
| Date of publication, distribution, etc. | 1984, c1983. |
| 300 ## - PHYSICAL DESCRIPTION | |
| Extent | ix, 140 p. : |
| Other physical details | ill. ; |
| Dimensions | 25 cm. |
| 440 #0 - SERIES STATEMENT/ADDED ENTRY--TITLE | |
| Title | Communications library |
| 9 (RLIN) | 104680 |
| 505 ## - FORMATTED CONTENTS NOTE | |
| Formatted contents note | About Information Technology (Page-3), Information Technology in Action (Page-13), Introduction (Page-49), Telecommunication (Page-51), Optical Communication Systems (Page-63), Video Tape and Video Disc Systems (Page-67), Computers (Page-75), Computer Vision (Page-83), Data Protection (Page-87), Expert Systems (Page-91), Microforms (Page-95), Voice Communication with Computers (Page-101), Electronic Mail (Page-117), Information Systems (Page-121), Videotext and Teletext (Page-125), General Reading on Information Technology (Page-131). |
| 650 #0 - SUBJECT ADDED ENTRY--TOPICAL TERM | |
| Topical term or geographic name entry element | Computer networks. |
| 9 (RLIN) | 3677 |
| 650 #0 - SUBJECT ADDED ENTRY--TOPICAL TERM | |
| Topical term or geographic name entry element | Electronic mail systems. |
| 9 (RLIN) | 95299 |
| 650 #0 - SUBJECT ADDED ENTRY--TOPICAL TERM | |
| Topical term or geographic name entry element | Information technology. |
| 650 #0 - SUBJECT ADDED ENTRY--TOPICAL TERM | |
| Topical term or geographic name entry element | Telecommunication Engineering |
| 650 #0 - SUBJECT ADDED ENTRY--TOPICAL TERM | |
| Topical term or geographic name entry element | Telecommunication. |
| 942 ## - ADDED ENTRY ELEMENTS (KOHA) | |
| Source of classification or shelving scheme | |
| Koha item type | Book |
| Call number prefix | 621.382,ZOR |
| Withdrawn status | Lost status | Source of classification or shelving scheme | Damaged status | Not for loan | Permanent Location | Current Location | Shelving location | Date acquired | Full call number | Barcode | Date last seen | Price effective from | Koha item type | Public note |
|---|---|---|---|---|---|---|---|---|---|---|---|---|---|---|
| Military College of Signals (MCS) | Military College of Signals (MCS) | General Stacks | 12/12/2016 | 621.382,ZOR | MCS5245 | 12/08/2016 | 12/12/2016 | Book | Almirha No 83, Shelf No 3 | |||||
| Military College of Signals (MCS) | Military College of Signals (MCS) | General Stacks | 07/26/2023 | 621.382,ZOR | MCS5244 | 07/26/2023 | 07/26/2023 | Book | Almirha No 83, Shelf No 3 |
